000 00607nam a2200193Ia 4500
003 3228
005 20220308114756.0
008 210817s9999 xx 000 0 und d
020 _a9781780200484
_qHardcover
040 _aWorldcat
_bEnglish
_cWorldcat
_eRDA
050 _a004.16
_bHOWT
082 _a004.16
_bHOWT
245 0 _aHow to do just about anything on a computer
260 _aLondon
_bReader's Digest
_c2000
300 _a382 pages
_bColour illustrations
_c22 x 26 cm
500 _aIncludes a glossary and an index
521 _aAdults
942 _cBK
_2ddc
_h004.1
_iHOWT
999 _c360315
_d360314